000 00360nam a22001577a 4500
003 MPLRDC
005 20220104143511.0
008 210129b ||||| |||| 00| 0 eng d
082 _a848.2 LL-14
100 _a罗兰著
245 _a独游小记
_c
260 _a
_b华联出版社
_c
300 _b
650 _a现代别集
942 _cBK
_o848.2 LL-14
999 _c40529
_d40519